Escuela abierta 4: matemática
Gespeichert in:
| 1. Verfasser: | |
|---|---|
| Weitere Verfasser: | |
| Format: | keine Angabe |
| Sprache: | Spanisch |
| Erschienen: |
Buenos Aires
Kapeluz
1979
|
| Katalog: | MANES: Suchergebnis im Bibliothekskatalog |
| Schulbuchspezifische Eigenschaften: |
|
| Tags: |
Tag hinzufügen
Keine Tags, Fügen Sie den ersten Tag hinzu!
|
| Hinzugefügt zu: | 26.04.2016 |
| Geändert in: | 07.05.2025 |
MARC
| LEADER | 000000000a22000000004500 | ||
|---|---|---|---|
| 001 | 39732 | ||
| 005 | 20250507125832.0 | ||
| 008 | 160427s sp ||||| |||| 00| 0 spa d | ||
| 040 | |a MANES |c manes | ||
| 100 | 1 | |a De Bortoli, Petrona G |b N |b de |b Autora |9 45292 | |
| 245 | 0 | 0 | |a Escuela abierta 4: matemática |
| 260 | |a Buenos Aires |b Kapeluz |c 1979 | ||
| 300 | |a 186 p. |c 23 x18 cm | ||
| 500 | |a Incluye una Guía para el maestro de 53 páginas |a Signatura topografica: HTA 1979 ESCk 1 | ||
| 546 | |a Argentina | ||
| 561 | |5 ar-DOCE |a Argentina. Biblioteca del Docente |k MANES | ||
| 691 | 0 | |a PRI | |
| 700 | 1 | |a De Martino, Elsa |b Autora |9 45087 |a González, Raquel C |b de |a Legris, Celia G |a Roza, Edgardo M |b de la |b Autor |a Salnitri, Ubaldo | |
| 942 | |2 ddc |c BK | ||
| 999 | |c 44049 |d 44049 | ||
| 999 | |c manes:44049 |d 44049 | ||